[Event "ELD 22/23"]
[Site "?"]
[Date "2023.04.23"]
[Round "7.17"]
[White "Voriskova, Anna"]
[Black "Pressler, Tobias"]
[Result "1/2-1/2"]
[BlackElo "1938"]
[WhiteElo "1998"]
[LiveChessVersion "1.4.8"]

1. d4 {[%clk 1:30:56]} d5 {[%clk 1:30:47]} 2. c4 {[%clk 1:31:16]} Nc6
{[%clk 1:30:59]} 3. Nf3 {[%clk 1:28:26]} Bg4 {[%clk 1:30:33]} 4. e3
{[%clk 1:28:17]} e6 {[%clk 1:30:32]} 5. Nc3 {[%clk 1:27:32]} Nf6 {[%clk 1:30:37]}
6. Be2 {[%clk 1:26:37]} Bd6 {[%clk 1:27:14]} 7. h3 {[%clk 1:24:50]} Bh5
{[%clk 1:27:26]} 8. O-O {[%clk 1:24:35]} O-O {[%clk 1:26:49]} 9. b3
{[%clk 1:23:10]} Re8 {[%clk 1:19:20]} 10. Bb2 {[%clk 1:21:21]} Bf8
{[%clk 1:17:59]} 11. Ne5 {[%clk 1:16:40]} Bxe2 {[%clk 1:13:35]} 12. Qxe2
{[%clk 1:16:38]} Ne7 {[%clk 1:13:33]} 13. Rac1 {[%clk 1:12:50]} c6
{[%clk 1:09:40]} 14. Rfd1 {[%clk 1:11:02]} Nf5 {[%clk 1:09:05]} 15. e4
{[%clk 0:56:06]} dxe4 {[%clk 1:06:44]} 16. Nxe4 {[%clk 0:56:17]} Nxe4
{[%clk 1:06:01]} 17. Qxe4 {[%clk 0:56:29]} Qa5 {[%clk 1:02:59]} 18. Qc2
{[%clk 0:51:05]} Rad8 {[%clk 1:00:07]} 19. a3 {[%clk 0:44:56]} g6
{[%clk 0:54:56]} 20. b4 {[%clk 0:40:29]} Qc7 {[%clk 0:54:35]} 21. Rd3
{[%clk 0:31:10]} Bg7 {[%clk 0:54:05]} 22. Rcd1 {[%clk 0:31:15]} a5
{[%clk 0:38:06]} 23. Nf3 {[%clk 0:26:41]} axb4 {[%clk 0:34:53]} 24. axb4
{[%clk 0:27:09]} Rd7 {[%clk 0:35:12]} 25. Ne5 {[%clk 0:22:31]} Rdd8
{[%clk 0:31:48]} 26. Ng4 {[%clk 0:22:05]} Qf4 {[%clk 0:28:54]} 27. Bc1
{[%clk 0:20:11]} Qd6 {[%clk 0:27:41]} 28. Bg5 {[%clk 0:12:49]} Ra8
{[%clk 0:26:00]} 29. Qd2 {[%clk 0:08:43]} Kh8 {[%clk 0:24:00]} 30. Nf6
{[%clk 0:07:52]} Rec8 {[%clk 0:22:52]} 31. g4 {[%clk 0:06:51]} Ne7
{[%clk 0:23:03]} 32. c5 {[%clk 0:06:17]} Qc7 {[%clk 0:23:08]} 33. Bf4
{[%clk 0:02:58]} Qd8 {[%clk 0:23:32]} 34. Be5 {[%clk 0:03:17]} Nd5
{[%clk 0:23:38]} 35. Nxd5 {[%clk 0:03:30]} Qxd5 {[%clk 0:23:56]} 36. Bg3
{[%clk 0:03:02]} Ra2 {[%clk 0:24:12]} 37. Qf4 {[%clk 0:03:14]} Kg8
{[%clk 0:24:00]} 38. Rf3 {[%clk 0:02:49]} e5 {[%clk 0:23:24]} 39. Qe3
{[%clk 0:01:14]} e4 {[%clk 0:21:54]} 40. Rf4 {[%clk 0:01:15]} Bh6
{[%clk 0:21:38]} 41. Re1 {[%clk 0:01:16]} Bxf4 {[%clk 0:18:09]} 42. Bxf4
{[%clk 0:01:44]} Re8 {[%clk 0:17:40]} 43. Be5 {[%clk 0:01:40]} Rxe5
{[%clk 0:16:51]} 44. dxe5 {[%clk 0:02:04]} Qxe5 {[%clk 0:17:07]} 45. Qxe4
{[%clk 0:02:01]} Qf6 {[%clk 0:17:24]} 46. Qe3 {[%clk 0:01:35]} Rb2
{[%clk 0:17:11]} 47. Rd1 {[%clk 0:01:17]} h6 {[%clk 0:14:06]} 48. Rd4
{[%clk 0:00:56]} Kg7 {[%clk 0:12:55]} 49. Rd6 {[%clk 0:01:04]} Rb1+
{[%clk 0:13:20]} 50. Kg2 {[%clk 0:01:27]} Qa1 {[%clk 0:13:23]} 51. Qd4+
{[%clk 0:00:43]} Qxd4 {[%clk 0:13:49]} 52. Rxd4 {[%clk 0:01:10]} Rb3
{[%clk 0:13:34]} 53. f3 {[%clk 0:01:17]} g5 {[%clk 0:13:31]} 54. f4
{[%clk 0:01:25]} Rb2+ {[%clk 0:12:57]} 55. Kg3 {[%clk 0:01:38]} Rb3+
{[%clk 0:13:22]} 56. Kg2 {[%clk 0:01:42]} Rb2+ {[%clk 0:13:48]} 57. Kg3
{[%clk 0:02:09]} 1/2-1/2

[Event "ELD 22/23"]
[Site "?"]
[Date "2023.04.23"]
[Round "7.18"]
[White "Strnadova, Monika"]
[Black "Vlcek, Vojtech"]
[Result "1-0"]
[BlackElo "1739"]
[WhiteElo "1674"]
[LiveChessVersion "1.4.8"]

1. d4 {[%clk 1:30:57]} d5 {[%clk 1:30:56]} 2. Bf4 {[%clk 1:31:21]} c5
{[%clk 1:30:37]} 3. e3 {[%clk 1:30:46]} Nc6 {[%clk 1:31:02]} 4. c3
{[%clk 1:28:00]} Qb6 {[%clk 1:31:23]} 5. Qc1 {[%clk 1:25:42]} Bf5
{[%clk 1:30:35]} 6. Nf3 {[%clk 1:24:31]} e6 {[%clk 1:30:59]} 7. Be2
{[%clk 1:19:24]} Nf6 {[%clk 1:31:10]} 8. h3 {[%clk 1:18:26]} cxd4
{[%clk 1:30:44]} 9. Nxd4 {[%clk 1:15:29]} Nxd4 {[%clk 1:31:06]} 10. exd4
{[%clk 1:15:50]} Bd6 {[%clk 1:31:32]} 11. Bxd6 {[%clk 1:14:39]} Qxd6
{[%clk 1:31:59]} 12. O-O {[%clk 1:14:29]} O-O {[%clk 1:32:28]} 13. Nd2
{[%clk 1:13:55]} Rab8 {[%clk 1:32:42]} 14. a4 {[%clk 1:13:29]} a6
{[%clk 1:32:48]} 15. Nf3 {[%clk 1:10:00]} b5 {[%clk 1:32:57]} 16. axb5
{[%clk 1:10:03]} axb5 {[%clk 1:33:22]} 17. Ne5 {[%clk 1:09:30]} Rfc8
{[%clk 1:33:41]} 18. Qf4 {[%clk 1:09:04]} Qe7 {[%clk 1:33:52]} 19. Nc6
{[%clk 1:09:12]} Qb7 {[%clk 1:33:35]} 20. Nxb8 {[%clk 1:08:40]} Rxb8
{[%clk 1:34:00]} 21. Ra5 {[%clk 1:08:10]} Qc8 {[%clk 1:33:27]} 22. Rfa1
{[%clk 1:08:21]} h6 {[%clk 1:33:00]} 23. Qxb8 {[%clk 1:08:23]} Qxb8
{[%clk 1:33:27]} 24. Ra8 {[%clk 1:08:48]} Qxa8 {[%clk 1:33:55]} 25. Rxa8+
{[%clk 1:09:13]} Kh7 {[%clk 1:34:20]} 26. Bxb5 {[%clk 1:09:38]} Bc2
{[%clk 1:33:38]} 27. f3 {[%clk 1:09:01]} Nh5 {[%clk 1:33:35]} 28. Be8
{[%clk 1:08:46]} Bg6 {[%clk 1:33:37]} 29. b4 {[%clk 1:08:26]} Nf4
{[%clk 1:34:00]} 30. b5 {[%clk 1:08:36]} Ne2+ {[%clk 1:34:26]} 31. Kf2
{[%clk 1:09:03]} Nxc3 {[%clk 1:34:52]} 32. b6 {[%clk 1:09:27]} Nd1+
{[%clk 1:35:00]} 33. Ke1 {[%clk 1:09:48]} Ne3 {[%clk 1:35:27]} 34. b7
{[%clk 1:10:13]} Nc2+ {[%clk 1:35:54]} 35. Kd2 {[%clk 1:10:33]} Nxd4
{[%clk 1:36:20]} 36. b8=Q {[%clk 1:10:58]} 1-0

[Event "ELD 22/23"]
[Site "?"]
[Date "2023.04.23"]
[Round "7.19"]
[White "Babula, Vlastimil"]
[Black "Jirasko, Miroslav"]
[Result "1-0"]
[BlackElo "2136"]
[WhiteElo "2326"]
[LiveChessVersion "1.4.8"]

1. e4 {[%clk 1:30:57]} c5 {[%clk 1:30:54]} 2. Nf3 {[%clk 1:31:05]} Nc6
{[%clk 1:31:20]} 3. d4 {[%clk 1:31:31]} cxd4 {[%clk 1:31:46]} 4. Nxd4
{[%clk 1:31:58]} e5 {[%clk 1:32:12]} 5. Nb5 {[%clk 1:32:20]} d6 {[%clk 1:32:39]}
6. a4 {[%clk 1:32:46]} Nf6 {[%clk 1:24:12]} 7. N1c3 {[%clk 1:21:49]} a6
{[%clk 1:14:28]} 8. Na3 {[%clk 1:22:04]} Be7 {[%clk 1:12:27]} 9. Bc4
{[%clk 1:08:49]} O-O {[%clk 1:07:32]} 10. O-O {[%clk 1:02:20]} Bg4
{[%clk 0:54:44]} 11. Qe1 {[%clk 0:55:09]} Nd4 {[%clk 0:43:46]} 12. Bg5
{[%clk 0:46:49]} Rc8 {[%clk 0:31:38]} 13. Bxf6 {[%clk 0:41:26]} Bxf6
{[%clk 0:31:58]} 14. Bd5 {[%clk 0:39:50]} Qd7 {[%clk 0:30:50]} 15. f3
{[%clk 0:35:49]} Be6 {[%clk 0:29:51]} 16. Qf2 {[%clk 0:35:21]} Bg5
{[%clk 0:26:57]} 17. Kh1 {[%clk 0:34:51]} Rc5 {[%clk 0:23:05]} 18. g3
{[%clk 0:28:50]} Bh3 {[%clk 0:16:29]} 19. Rfd1 {[%clk 0:21:46]} b5
{[%clk 0:16:47]} 20. axb5 {[%clk 0:21:53]} axb5 {[%clk 0:17:12]} 21. Na2
{[%clk 0:22:14]} Rxd5 {[%clk 0:07:14]} 22. exd5 {[%clk 0:22:29]} Qf5
{[%clk 0:07:31]} 23. Rd3 {[%clk 0:19:34]} Bg4 {[%clk 0:03:56]} 24. Rf1
{[%clk 0:19:13]} e4 {[%clk 0:03:56]} 25. Qxd4 {[%clk 0:16:01]} exd3
{[%clk 0:00:36]} 26. Qxg4 {[%clk 0:15:54]} Qxg4 {[%clk 0:00:32]} 27. fxg4
{[%clk 0:16:18]} d2 {[%clk 0:00:43]} 1-0

[Event "ELD 22/23"]
[Site "?"]
[Date "2023.04.23"]
[Round "7.20"]
[White "Werner, Hong Quan Dan"]
[Black "Delgerdalai, Bayarjavkhlan"]
[Result "1/2-1/2"]
[BlackElo "2331"]
[WhiteElo "2030"]
[LiveChessVersion "1.4.8"]

1. e4 {[%clk 1:30:30]} e6 {[%clk 1:30:48]} 2. d4 {[%clk 1:29:52]} d5
{[%clk 1:31:11]} 3. exd5 {[%clk 1:27:17]} exd5 {[%clk 1:31:31]} 4. Bd3
{[%clk 1:27:18]} Bd6 {[%clk 1:31:07]} 5. c3 {[%clk 1:27:08]} Nf6 {[%clk 1:30:56]}
6. Nf3 {[%clk 1:27:02]} O-O {[%clk 1:30:53]} 7. O-O {[%clk 1:27:17]} Bg4
{[%clk 1:29:35]} 8. Bg5 {[%clk 1:26:28]} Nbd7 {[%clk 1:28:22]} 9. Nbd2
{[%clk 1:26:24]} Bh5 {[%clk 1:27:32]} 10. Re1 {[%clk 1:22:51]} c6
{[%clk 1:25:50]} 11. Qc2 {[%clk 1:21:39]} Bg6 {[%clk 1:25:42]} 12. Re2
{[%clk 1:17:15]} Qc7 {[%clk 1:20:31]} 13. Rae1 {[%clk 1:17:05]} Rae8
{[%clk 1:18:20]} 14. Bh4 {[%clk 1:08:32]} a6 {[%clk 1:09:11]} 15. Bg3
{[%clk 1:05:13]} Rxe2 {[%clk 1:05:45]} 16. Rxe2 {[%clk 1:05:39]} Re8
{[%clk 1:05:19]} 17. Bxd6 {[%clk 1:04:05]} Qxd6 {[%clk 1:04:33]} 18. Rxe8+
{[%clk 1:04:16]} Nxe8 {[%clk 1:04:55]} 19. Bxg6 {[%clk 1:03:06]} hxg6
{[%clk 1:03:38]} 20. Nf1 {[%clk 0:59:00]} Qe6 {[%clk 1:00:23]} 21. Qd3
{[%clk 0:55:24]} Nd6 {[%clk 1:00:00]} 22. Qe3 {[%clk 0:54:08]} Ne4
{[%clk 0:57:47]} 23. Ne1 {[%clk 0:53:55]} Qf6 {[%clk 0:56:10]} 24. Nd3
{[%clk 0:53:45]} Qg5 {[%clk 0:52:21]} 25. Qxg5 {[%clk 0:49:42]} Nxg5
{[%clk 0:52:18]} 26. f3 {[%clk 0:49:05]} Kf8 {[%clk 0:49:58]} 27. Nd2
{[%clk 0:48:46]} Ke7 {[%clk 0:48:18]} 28. Nb3 {[%clk 0:48:02]} Ne6
{[%clk 0:48:07]} 29. Kf2 {[%clk 0:44:58]} Kd6 {[%clk 0:47:43]} 30. Ke3
{[%clk 0:44:53]} b6 {[%clk 0:43:40]} 31. Nf4 {[%clk 0:39:31]} Ndf8
{[%clk 0:42:28]} 32. Nc1 {[%clk 0:36:37]} Nxf4 {[%clk 0:40:54]} 33. Kxf4
{[%clk 0:37:00]} Ne6+ {[%clk 0:39:58]} 1/2-1/2

[Event "ELD 22/23"]
[Site "?"]
[Date "2023.04.23"]
[Round "7.21"]
[White "Vylicil, Adam"]
[Black "Lev, Lukas"]
[Result "1-0"]
[BlackElo "1811"]
[WhiteElo "1898"]
[LiveChessVersion "1.4.8"]

1. a3 {[%clk 1:30:31]} Nf6 {[%clk 1:30:38]} 2. g3 {[%clk 1:29:35]} c5
{[%clk 1:30:13]} 3. Bg2 {[%clk 1:29:57]} Nc6 {[%clk 1:30:07]} 4. c4
{[%clk 1:29:22]} e6 {[%clk 1:29:50]} 5. Nf3 {[%clk 1:29:17]} d5 {[%clk 1:28:31]}
6. cxd5 {[%clk 1:28:20]} exd5 {[%clk 1:27:28]} 7. d4 {[%clk 1:28:10]} cxd4
{[%clk 1:26:59]} 8. Nxd4 {[%clk 1:28:07]} Bc5 {[%clk 1:26:41]} 9. Nxc6
{[%clk 1:19:54]} bxc6 {[%clk 1:27:06]} 10. O-O {[%clk 1:20:18]} O-O
{[%clk 1:27:09]} 11. Qc2 {[%clk 1:19:57]} Qb6 {[%clk 1:25:21]} 12. Nc3
{[%clk 1:14:09]} Bd6 {[%clk 1:21:52]} 13. Be3 {[%clk 1:12:05]} Qc7
{[%clk 1:15:30]} 14. Rac1 {[%clk 1:10:09]} Qe7 {[%clk 1:08:23]} 15. Na4
{[%clk 1:07:29]} Bb7 {[%clk 1:00:49]} 16. Nc5 {[%clk 1:05:33]} Bc8
{[%clk 0:50:38]} 17. Bd4 {[%clk 1:02:21]} Re8 {[%clk 0:47:42]} 18. Rfe1
{[%clk 1:01:28]} Nd7 {[%clk 0:39:51]} 19. Nd3 {[%clk 0:56:48]} Bb7
{[%clk 0:37:57]} 20. e4 {[%clk 0:54:52]} Qf8 {[%clk 0:31:47]} 21. exd5
{[%clk 0:51:54]} cxd5 {[%clk 0:29:17]} 22. Qb3 {[%clk 0:51:29]} Rab8
{[%clk 0:22:18]} 23. Rxe8 {[%clk 0:49:55]} Qxe8 {[%clk 0:22:22]} 24. Bxa7
{[%clk 0:50:08]} 1-0

[Event "ELD 22/23"]
[Site "?"]
[Date "2023.04.23"]
[Round "7.22"]
[White "Mikolas, Petr"]
[Black "Marak, Jakub"]
[Result "1/2-1/2"]
[BlackElo "1997"]
[WhiteElo "1660"]
[LiveChessVersion "1.4.8"]

1. e4 {[%clk 1:30:57]} e5 {[%clk 1:30:54]} 2. Nf3 {[%clk 1:31:18]} Nc6
{[%clk 1:31:17]} 3. Bc4 {[%clk 1:31:26]} Bc5 {[%clk 1:31:39]} 4. c3
{[%clk 1:31:50]} Nf6 {[%clk 1:32:04]} 5. d3 {[%clk 1:32:16]} d6 {[%clk 1:31:56]}
6. a4 {[%clk 1:32:24]} a6 {[%clk 1:30:12]} 7. O-O {[%clk 1:28:25]} h6
{[%clk 1:25:02]} 8. b4 {[%clk 1:28:26]} Ba7 {[%clk 1:23:48]} 9. Nbd2
{[%clk 1:20:16]} O-O {[%clk 1:19:20]} 10. h3 {[%clk 1:16:20]} Be6
{[%clk 1:17:08]} 11. Bxe6 {[%clk 1:11:54]} fxe6 {[%clk 1:17:32]} 12. Re1
{[%clk 1:12:02]} Nh5 {[%clk 1:12:04]} 13. Nf1 {[%clk 1:04:29]} Qf6
{[%clk 1:06:05]} 14. Be3 {[%clk 1:03:09]} Nf4 {[%clk 1:03:47]} 15. Bxa7
{[%clk 0:58:17]} Rxa7 {[%clk 1:04:05]} 16. b5 {[%clk 0:57:43]} Ne7
{[%clk 0:59:00]} 17. d4 {[%clk 0:50:34]} Nxh3+ {[%clk 0:56:19]} 18. gxh3
{[%clk 0:50:55]} Qxf3 {[%clk 0:56:38]} 19. Qxf3 {[%clk 0:51:13]} Rxf3
{[%clk 0:57:01]} 20. bxa6 {[%clk 0:49:45]} Rxa6 {[%clk 0:56:08]} 21. Re3
{[%clk 0:47:53]} Rxe3 {[%clk 0:54:24]} 22. Nxe3 {[%clk 0:47:09]} exd4
{[%clk 0:54:44]} 23. cxd4 {[%clk 0:47:31]} b5 {[%clk 0:51:00]} 24. a5
{[%clk 0:45:57]} Nc6 {[%clk 0:45:18]} 25. d5 {[%clk 0:45:49]} Nxa5
{[%clk 0:44:17]} 26. dxe6 {[%clk 0:45:10]} Ra7 {[%clk 0:41:05]} 27. Nd5
{[%clk 0:45:28]} Kf8 {[%clk 0:39:52]} 28. Nxc7 {[%clk 0:33:52]} Rxc7
{[%clk 0:36:07]} 29. Rxa5 {[%clk 0:34:18]} Rb7 {[%clk 0:36:16]} 30. f4
{[%clk 0:30:06]} b4 {[%clk 0:36:02]} 31. Ra2 {[%clk 0:27:01]} Ke7
{[%clk 0:26:35]} 32. f5 {[%clk 0:27:22]} g6 {[%clk 0:23:36]} 33. Kf2
{[%clk 0:24:53]} gxf5 {[%clk 0:22:20]} 34. exf5 {[%clk 0:25:16]} Kf6
{[%clk 0:22:16]} 35. Rb2 {[%clk 0:20:14]} Kxf5 {[%clk 0:20:40]} 36. e7
{[%clk 0:20:38]} Rxe7 {[%clk 0:21:05]} 37. Rxb4 {[%clk 0:21:05]} d5
{[%clk 0:19:58]} 38. Kf3 {[%clk 0:19:06]} Ra7 {[%clk 0:15:18]} 39. Rh4
{[%clk 0:18:02]} Ra3+ {[%clk 0:14:59]} 40. Kg2 {[%clk 0:17:37]} Ra6
{[%clk 0:10:54]} 41. Kf3 {[%clk 0:17:12]} Rd6 {[%clk 0:09:36]} 42. Ke3
{[%clk 0:16:36]} Re6+ {[%clk 0:09:55]} 43. Kf3 {[%clk 0:13:55]} Kg5
{[%clk 0:08:46]} 44. Rg4+ {[%clk 0:14:01]} Kf6 {[%clk 0:08:48]} 45. Rh4
{[%clk 0:14:15]} Ke7 {[%clk 0:09:02]} 46. Ra4 {[%clk 0:11:37]} Kd6
{[%clk 0:07:29]} 47. Ra6+ {[%clk 0:10:44]} Ke5 {[%clk 0:07:51]} 48. Ra4
{[%clk 0:10:49]} h5 {[%clk 0:07:37]} 49. Rh4 {[%clk 0:09:56]} Rf6+
{[%clk 0:08:00]} 50. Ke3 {[%clk 0:10:11]} Rf5 {[%clk 0:08:24]} 51. Kd3
{[%clk 0:09:01]} Kf6 {[%clk 0:08:28]} 52. Ke3 {[%clk 0:08:09]} Kg5
{[%clk 0:08:14]} 53. Rd4 {[%clk 0:08:11]} Re5+ {[%clk 0:06:40]} 54. Kd3
{[%clk 0:05:42]} 1/2-1/2

[Event "ELD 22/23"]
[Site "?"]
[Date "2023.04.23"]
[Round "7.23"]
[White "Kucera, David"]
[Black "Licek, Prokop"]
[Result "1/2-1/2"]
[BlackElo "1580"]
[WhiteElo "1847"]
[LiveChessVersion "1.4.8"]

1. a3 {[%clk 1:30:52]} a6 {[%clk 1:30:25]} 2. b4 {[%clk 1:31:06]} Nf6
{[%clk 1:28:52]} 3. Bb2 {[%clk 1:31:25]} e6 {[%clk 1:29:10]} 4. Nf3
{[%clk 1:29:52]} c5 {[%clk 1:28:22]} 5. bxc5 {[%clk 1:28:53]} Bxc5
{[%clk 1:28:40]} 6. e3 {[%clk 1:29:13]} Nc6 {[%clk 1:28:29]} 7. c4
{[%clk 1:28:45]} d5 {[%clk 1:25:16]} 8. cxd5 {[%clk 1:25:39]} exd5
{[%clk 1:25:38]} 9. d4 {[%clk 1:21:23]} Bd6 {[%clk 1:25:40]} 10. Be2
{[%clk 1:16:53]} O-O {[%clk 1:22:01]} 11. a4 {[%clk 1:15:49]} h6 {[%clk 1:10:12]}
12. O-O {[%clk 1:15:10]} Bf5 {[%clk 1:10:23]} 13. Ba3 {[%clk 1:14:45]} Rc8
{[%clk 1:10:03]} 14. Qb3 {[%clk 1:02:15]} Na5 {[%clk 1:04:45]} 15. Qd1
{[%clk 1:00:02]} Bc2 {[%clk 0:43:24]} 16. Qe1 {[%clk 0:59:53]} Nb3
{[%clk 0:34:23]} 17. Ra2 {[%clk 0:57:24]} Bh7 {[%clk 0:26:22]} 18. Nbd2
{[%clk 0:46:46]} Bxa3 {[%clk 0:20:46]} 19. Nxb3 {[%clk 0:43:44]} Bd6
{[%clk 0:20:36]} 20. Qa5 {[%clk 0:29:10]} Qe7 {[%clk 0:13:47]} 21. Rc1
{[%clk 0:19:46]} Rxc1+ {[%clk 0:10:19]} 22. Nxc1 {[%clk 0:20:15]} Bb4
{[%clk 0:09:29]} 23. Qb6 {[%clk 0:20:04]} Rc8 {[%clk 0:09:35]} 24. Nb3
{[%clk 0:19:40]} Rc6 {[%clk 0:07:15]} 25. Qa7 {[%clk 0:19:38]} Rc3
{[%clk 0:07:34]} 26. Nbd2 {[%clk 0:19:42]} a5 {[%clk 0:05:17]} 27. h3
{[%clk 0:17:23]} Rc8 {[%clk 0:04:59]} 28. Nb3 {[%clk 0:10:33]} Qc7
{[%clk 0:05:26]} 29. Nc5 {[%clk 0:10:24]} Bxc5 {[%clk 0:01:20]} 30. dxc5
{[%clk 0:10:52]} Nd7 {[%clk 0:01:40]} 31. Nd4 {[%clk 0:05:26]} Nxc5
{[%clk 0:01:01]} 32. Bg4 {[%clk 0:05:33]} b6 {[%clk 0:00:49]} 33. Nb5
{[%clk 0:03:11]} Qxa7 {[%clk 0:01:08]} 34. Nxa7 {[%clk 0:03:40]} Rc7
{[%clk 0:00:59]} 35. Nb5 {[%clk 0:03:24]} Rc6 {[%clk 0:01:23]} 36. Na7
{[%clk 0:03:10]} Rc7 {[%clk 0:01:47]} 37. Nb5 {[%clk 0:03:33]} Rc6
{[%clk 0:01:16]} 38. Na7 {[%clk 0:03:57]} Rd6 {[%clk 0:00:46]} 39. Nc8
{[%clk 0:02:45]} Rf6 {[%clk 0:00:32]} 40. Ne7+ {[%clk 0:03:07]} Kf8
{[%clk 0:00:48]} 41. Nxd5 {[%clk 0:03:15]} Rd6 {[%clk 0:00:59]} 42. Nc7
{[%clk 0:02:36]} Bd3 {[%clk 0:00:42]} 43. Bf3 {[%clk 0:01:43]} Bc4
{[%clk 0:00:49]} 44. Ra1 {[%clk 0:00:59]} Bb3 {[%clk 0:00:42]} 45. Nb5
{[%clk 0:00:53]} Rd2 {[%clk 0:00:55]} 46. Nd4 {[%clk 0:00:36]} Bxa4
{[%clk 0:00:49]} 47. Rb1 {[%clk 0:01:05]} Nd7 {[%clk 0:00:35]} 48. Bg4
{[%clk 0:00:41]} 1/2-1/2

[Event "ELD 22/23"]
[Site "?"]
[Date "2023.04.23"]
[Round "7.25"]
[White "Svanda, Adam"]
[Black "Soucek, Petr"]
[Result "1/2-1/2"]
[BlackElo "2267"]
[WhiteElo "1939"]
[LiveChessVersion "1.4.8"]

1. c4 {[%clk 1:30:56]} Nf6 {[%clk 1:28:42]} 2. Nc3 {[%clk 1:31:09]} g6
{[%clk 1:27:43]} 3. g3 {[%clk 1:31:11]} Bg7 {[%clk 1:27:59]} 4. Bg2
{[%clk 1:31:33]} O-O {[%clk 1:27:27]} 5. Nf3 {[%clk 1:30:56]} d6 {[%clk 1:26:38]}
6. O-O {[%clk 1:29:46]} Nc6 {[%clk 1:26:00]} 7. Rb1 {[%clk 1:29:19]} a5
{[%clk 1:24:11]} 8. a3 {[%clk 1:29:09]} e5 {[%clk 1:18:57]} 9. b4
{[%clk 1:27:21]} Re8 {[%clk 1:17:28]} 10. d3 {[%clk 1:26:08]} h6 {[%clk 1:16:06]}
11. Ne1 {[%clk 1:21:16]} Ne7 {[%clk 1:10:58]} 12. Nc2 {[%clk 1:17:02]} axb4
{[%clk 1:08:57]} 13. axb4 {[%clk 1:17:13]} c6 {[%clk 1:07:42]} 14. d4
{[%clk 1:13:28]} exd4 {[%clk 0:57:29]} 15. Nxd4 {[%clk 1:13:42]} Nf5
{[%clk 0:57:50]} 16. Nc2 {[%clk 1:03:06]} Ng4 {[%clk 0:48:30]} 17. Bb2
{[%clk 0:55:58]} Ne5 {[%clk 0:46:28]} 18. e4 {[%clk 0:50:47]} Nxc4
{[%clk 0:46:02]} 19. exf5 {[%clk 0:51:11]} Nxb2 {[%clk 0:46:28]} 20. Rxb2
{[%clk 0:51:37]} Bxc3 {[%clk 0:46:48]} 21. Rb3 {[%clk 0:51:55]} Bg7
{[%clk 0:46:47]} 22. fxg6 {[%clk 0:52:17]} fxg6 {[%clk 0:46:58]} 23. b5
{[%clk 0:49:48]} Be6 {[%clk 0:42:32]} 24. Re3 {[%clk 0:48:32]} Bc4
{[%clk 0:40:05]} 25. bxc6 {[%clk 0:42:18]} Bxf1 {[%clk 0:34:39]} 26. Bd5+
{[%clk 0:42:37]} Kh7 {[%clk 0:33:53]} 27. cxb7 {[%clk 0:43:01]} Ra5
{[%clk 0:31:25]} 28. Kxf1 {[%clk 0:42:20]} Rxe3 {[%clk 0:31:16]} 29. fxe3
{[%clk 0:42:00]} Rb5 {[%clk 0:30:24]} 30. Qf3 {[%clk 0:35:10]} Rb1+
{[%clk 0:27:41]} 31. Kg2 {[%clk 0:32:47]} Rb2 {[%clk 0:26:17]} 32. Qe4
{[%clk 0:29:57]} Be5 {[%clk 0:23:04]} 33. Kh3 {[%clk 0:25:20]} Qf8
{[%clk 0:21:10]} 34. Ne1 {[%clk 0:23:38]} Qf1+ {[%clk 0:17:03]} 35. Ng2
{[%clk 0:24:02]} h5 {[%clk 0:12:40]} 36. Qf3 {[%clk 0:14:05]} Qxf3
{[%clk 0:11:50]} 37. Bxf3 {[%clk 0:14:34]} g5 {[%clk 0:11:49]} 38. Bxh5
{[%clk 0:14:45]} Rxb7 {[%clk 0:12:11]} 39. Be8 {[%clk 0:15:12]} Kg7
{[%clk 0:11:20]} 40. e4 {[%clk 0:13:55]} Bd4 {[%clk 0:10:17]} 41. Ne1
{[%clk 0:12:58]} Rc7 {[%clk 0:08:06]} 42. Kg4 {[%clk 0:11:25]} Kf6
{[%clk 0:08:17]} 43. Nf3 {[%clk 0:10:21]} Be3 {[%clk 0:08:35]} 44. Bb5
{[%clk 0:10:38]} Rc5 {[%clk 0:03:27]} 45. Ba6 {[%clk 0:10:06]} Rc7
{[%clk 0:03:24]} 46. Bb5 {[%clk 0:10:29]} Kg6 {[%clk 0:02:07]} 47. Be8+
{[%clk 0:10:30]} Kf6 {[%clk 0:02:10]} 48. Bb5 {[%clk 0:10:52]} Rc5
{[%clk 0:02:26]} 49. Ba6 {[%clk 0:11:16]} d5 {[%clk 0:02:38]} 50. exd5
{[%clk 0:10:34]} Rxd5 {[%clk 0:02:18]} 51. h4 {[%clk 0:10:11]} gxh4
{[%clk 0:02:33]} 52. Kxh4 {[%clk 0:09:52]} Ra5 {[%clk 0:02:13]} 53. Bc8
{[%clk 0:09:49]} Ra8 {[%clk 0:01:31]} 54. Bd7 {[%clk 0:08:40]} Rd8
{[%clk 0:01:51]} 55. Bb5 {[%clk 0:07:46]} Kf5 {[%clk 0:01:41]} 56. Kh3
{[%clk 0:07:44]} Ke4 {[%clk 0:01:37]} 57. Bc6+ {[%clk 0:07:50]} Kd3
{[%clk 0:01:45]} 58. g4 {[%clk 0:07:15]} Bf4 {[%clk 0:01:14]} 59. g5
{[%clk 0:07:33]} Ke3 {[%clk 0:01:21]} 60. Kg4 {[%clk 0:07:53]} Rc8
{[%clk 0:01:15]} 61. Bb7 {[%clk 0:08:04]} Rc7 {[%clk 0:01:15]} 62. Bd5
{[%clk 0:07:54]} Rc5 {[%clk 0:01:32]} 63. Bb7 {[%clk 0:08:19]} Bd6
{[%clk 0:00:50]} 64. Ba8 {[%clk 0:07:05]} Be7 {[%clk 0:00:49]} 65. Bb7
{[%clk 0:07:20]} Rb5 {[%clk 0:00:46]} 66. Bc6 {[%clk 0:07:30]} Rc5
{[%clk 0:01:04]} 67. Bb7 {[%clk 0:07:55]} Rb5 {[%clk 0:00:50]} 68. Bc6
{[%clk 0:08:20]} 1/2-1/2

[Event "ELD 22/23"]
[Site "?"]
[Date "2023.04.23"]
[Round "7.26"]
[White "Rousek, Jan"]
[Black "Lang, Simon"]
[Result "1-0"]
[BlackElo "2107"]
[WhiteElo "1957"]
[LiveChessVersion "1.4.8"]

1. d4 {[%clk 1:30:51]} Nf6 {[%clk 1:30:19]} 2. c4 {[%clk 1:31:05]} e6
{[%clk 1:30:13]} 3. g3 {[%clk 1:31:18]} d5 {[%clk 1:30:01]} 4. Bg2
{[%clk 1:31:22]} Be7 {[%clk 1:29:16]} 5. Nf3 {[%clk 1:31:40]} O-O
{[%clk 1:28:52]} 6. O-O {[%clk 1:32:00]} dxc4 {[%clk 1:27:30]} 7. Qc2
{[%clk 1:31:51]} a6 {[%clk 1:26:19]} 8. a4 {[%clk 1:31:40]} Bd7 {[%clk 1:23:51]}
9. Qxc4 {[%clk 1:29:37]} Bc6 {[%clk 1:22:30]} 10. Rd1 {[%clk 1:17:48]} Nbd7
{[%clk 1:18:41]} 11. Nc3 {[%clk 1:16:08]} Nb6 {[%clk 1:16:29]} 12. Qd3
{[%clk 1:11:52]} Nbd5 {[%clk 1:10:01]} 13. Ne5 {[%clk 1:03:03]} Nxc3
{[%clk 0:50:06]} 14. Nxc6 {[%clk 0:45:45]} Nxe2+ {[%clk 0:43:21]} 15. Qxe2
{[%clk 0:46:07]} bxc6 {[%clk 0:43:41]} 16. Bxc6 {[%clk 0:46:23]} Rb8
{[%clk 0:39:57]} 17. Qxa6 {[%clk 0:44:11]} Rb6 {[%clk 0:39:21]} 18. Qc4
{[%clk 0:43:13]} Qd6 {[%clk 0:38:27]} 19. Bf3 {[%clk 0:40:22]} Rb4
{[%clk 0:38:03]} 20. Qc3 {[%clk 0:39:17]} Rc8 {[%clk 0:30:21]} 21. Bf4
{[%clk 0:36:19]} Qa6 {[%clk 0:30:29]} 22. a5 {[%clk 0:30:55]} c5 {[%clk 0:29:05]}
23. dxc5 {[%clk 0:25:59]} Bxc5 {[%clk 0:28:58]} 24. Qxc5 {[%clk 0:20:18]} Nd5
{[%clk 0:26:53]} 25. Qd6 {[%clk 0:10:08]} Qxd6 {[%clk 0:26:15]} 26. Bxd6
{[%clk 0:10:30]} Rxb2 {[%clk 0:26:39]} 27. Bxd5 {[%clk 0:10:46]} exd5
{[%clk 0:27:02]} 28. a6 {[%clk 0:10:41]} 1-0